| 000 | 01271nam a2200301 i 4500 | ||
|---|---|---|---|
| 001 | bg | ||
| 100 | 1 | _aDOMINGUEZ, J. | |
| 245 | 1 | 0 |
_aBoundary elements in dynamics / _cJ. Dominguez. |
| 260 |
_aSouthampton [et al.] : _bComputational Mechanics Publication : _bElsevier Applied Science, _c1993. |
||
| 300 |
_a[16], 707 s. : _bwykr. ; _c25 cm. |
||
| 490 | 1 | _aInternational Series on Computational Engineering | |
| 504 | _aBibliogr. przy rozdz. - Indeksy. | ||
| 650 | 9 |
_aAnaliza numeryczna _xstosowanie _xmechanika |
|
| 650 | 9 |
_aMetoda elementów skończonych _xstosowanie _xtechnika |
|
| 650 | 9 |
_aDynamika _xzagadnienia |
|
| 830 | _aInternational Series on Computational Engineering | ||
| 020 | _a1858610214 (Elsevier Applied Science, London, New York) | ||
| 020 | _a1853122580 (Computational Mechanics Publication, Southampton) | ||
| 020 | _a1562521829 (Computational Mechanics Publication, Boston) | ||
| 040 | _cBPK | ||
| 041 | 0 | _aen | |
| 080 | _a519.61/.65:539.3/.6 | ||
| 920 | _a1-85861-021-4 (Elsevier Applied Science, London, New York) | ||
| 920 | _a1-85312-258-0 (Computational Mechanics Publication, Southampton) | ||
| 920 | _a1-56252-182-9 (Computational Mechanics Publication, Boston) | ||
| 942 | _cKS | ||
| 008 | s pl f |000 0 pol | ||
| 999 |
_c30698 _d30698 |
||
| 856 |
_uhttp://koha.tu.koszalin.pl/cgi-bin/koha/opac-detail.pl?biblionumber=30698 _yKatalog online BPK |
||